| 000 -LEADER |
| fixed length control field |
00607pam a2200193 a 4500 |
| 020 ## - INTERNATIONAL STANDARD BOOK NUMBER |
| ISBN |
0803923031 |
| 040 ## - CATALOGING SOURCE |
| Transcribing agency |
DLC |
| 082 00 - DEWEY DECIMAL CLASSIFICATION NUMBER |
| Classification number |
300 SAG 1985 A070 Or. |
| 100 1# - MAIN ENTRY--AUTHOR NAME |
| Personal name |
Brinberg, David. |
| 245 10 - TITLE STATEMENT |
| Title |
Validity and the research process / |
| 260 ## - PUBLICATION, DISTRIBUTION, ETC. (IMPRINT) |
| Place of publication |
Beverly Hills : |
| Name of publisher |
Sage Publications, |
| Year of publication |
c1985. |
| 300 ## - PHYSICAL DESCRIPTION |
| Number of Pages |
175 p. : |
| Other physical details |
ill. ; |
| Dimensions |
23 cm. |
| 500 ## - GENERAL NOTE |
| General note |
Includes indexes. |
| 650 #0 - SUBJECT ADDED ENTRY--TOPICAL TERM |
| Topical Term |
Social sciences |
| 700 1# - ADDED ENTRY--PERSONAL NAME |
| Personal name |
McGrath, Joseph Edward, |
| 856 42 - ELECTRONIC LOCATION AND ACCESS |
| Uniform Resource Identifier |
http://www.loc.gov/catdir/enhancements/fy0654/85001903-d.html |
| 856 41 - ELECTRONIC LOCATION AND ACCESS |
| Uniform Resource Identifier |
http://www.loc.gov/catdir/enhancements/fy0654/85001903-t.html |
| 942 ## - ADDED ENTRY ELEMENTS (KOHA) |
| Koha item type |
សៀវភៅភាសាអង់គ្លេស |
| 952 ## - LOCATION AND ITEM INFORMATION (KOHA) |
| Withdrawn status [LOCAL, KOHA] |
0 |